Management of education/ (Record no. 158138)

MARC details
000 -LEADER
fixed length control field 00524nam a22001817a 4500
005 - DATE AND TIME OF LATEST TRANSACTION
control field 20181017161512.0
010 ## - LCCN (DPL NO)
LC control number B-158688
020 ## - INTERNATIONAL STANDARD BOOK NUMBER
Terms of availability 695.00
035 ## - SYSTEM CONTROL NUMBER
System control number B-158688
037 ## - SOURCE OF ACQUISITION
Source of stock number/acquisition A.P.H. publishing
082 ## - DEWEY DECIMAL CLASSIFICATION NUMBER
Classification number 370.954
100 ## - MAIN ENTRY--PERSONAL NAME
Personal name Rao, V.K.
245 ## - TITLE STATEMENT
Title Management of education/
Statement of responsibility, etc by V.K. Rao
260 ## - PUBLICATION, DISTRIBUTION, ETC. (IMPRINT)
Place of publication, distribution, etc New Delhi
Name of publisher, distributor, etc A.P.H. publishing
Date of publication, distribution, etc 2005
300 ## - PHYSICAL DESCRIPTION
Extent 258 p.
Dimensions 22 c.m. (Hb)
942 ## - ADDED ENTRY ELEMENTS (KOHA)
Source of classification or shelving scheme Dewey Decimal Classification
Item type English Books
Classification part 370.954
Call number suffix RAO

No items available.


© Delhi Public Library
Hit Counter
free hit counter